000
00179nam a2200073Ia 4500
008
170620s9999 xx 000 0 und d
100
_a
SHAYAM SHARMA
245
0
_a
SAMAJIK AV. PARIVAARIK SAMASAYA
260
_b
APOLO
999
_c
27153
_d
27153